Hand book of Communication (Record no. 2713)

MARC details
000 -LEADER
fixed length control field 00394nam a22001697a 4500
005 - DATE AND TIME OF LATEST TRANSACTION
control field 20160614171214.0
008 - FIXED-LENGTH DATA ELEMENTS--GENERAL INFORMATION
fixed length control field 160614b xxu||||| |||| 00| 0 eng d
020 ## - INTERNATIONAL STANDARD BOOK NUMBER
ISBN 81-7929-052-2
041 ## - LANGUAGE CODE
Language code of text/sound track or separate title eng
082 ## - DEWEY DECIMAL CLASSIFICATION NUMBER
Item number 7593
100 ## - MAIN ENTRY--AUTHOR NAME
Personal name Eileen, Scholes
245 ## - TITLE STATEMENT
Title Hand book of Communication
260 ## - PUBLICATION, DISTRIBUTION, ETC. (IMPRINT)
Name of publisher Infinity Book
Year of publication 2003
300 ## - PHYSICAL DESCRIPTION
Number of Pages 435
650 ## - SUBJECT ADDED ENTRY--TOPICAL TERM
Topical Term Management
942 ## - ADDED ENTRY ELEMENTS (KOHA)
Koha item type Books
Holdings
Lost status Damaged status Collection code Home library Current library Shelving location Date acquired Cost, normal purchase price Full call number Accession Number Koha item type
    LIFE SKILL JRU Library JRU Library SHELF-102-D 14/06/2016 950.00 7593 7593 Books
    Reference JRU Library   SHELF-29-B 14/06/2016 950.00 7593 7594 Books